000 00345nam a2200145Ia 4500
008 231217s9999 xx 000 0 und d
041 _aEnglish
082 _a658.076 CHO;1 `R1'
100 _aChopra, Ravi
245 0 _aCAT: Common admission test for IIM
260 _c1999
_bGalgotia
300 _aD-8
650 _aCATIIM
942 _cAA
999 _c166735
_d166735